Quizzes
Events
Quiz Creation
Community
Videos
Private Events
Remove Ads
Sign In
Join for FREE
Feedback
Dark Mode
Quiz Categories
Sports
Geography
Music
Movies
Television
Just For Fun
Miscellaneous
History
Literature
Language
Science
Gaming
Entertainment
Religion
Holiday
For Kids
Quiz Lab
Recent
Popular Today
Quiz Kudos Today
Editor Picks
Curator Picks
Quizzes by...
Day
Popularity
Type
Ratings
Length
Year
Community
Subscriptions
Recent Discussions
Orange Saloon
Badges
Playlists
Quests
Create
Leaderboards
Showdown
Live 5
Trivia Bingo
Activity
Puzzle Library
Sporcle Events
Private Events
Virtual Trivia
Globe League
Become a Host
Pub Owners
SporcleCon
Opinionation
Our Games
Videos
Blog
Mobile Apps
Partnerships
Remove Ads and Go Orange
Feedback
Geography
Country
Landmarks
City
State
Population
World
Capital
Continent
Flags
Europe
Africa
Asia
South America
North America
Oceania
Border
Canada
United Kingdom
Topography
United States
Geography
Country
Landmarks
City
State
Population
World
Capital
Continent
Flags
Europe
Africa
Asia
South America
North America
Oceania
Border
Canada
United Kingdom
Topography
United States
Random Quiz
Search Sporcle
×
Quiz Lab
Quiz Lab
Geography
globe
Type in answers that appear in a list
Type in answers that appear in a list
Classic
Best Score? Go Orange.
Countries or bodies of water by coordinates Stats
Can you name the countries or bodies of water by coordinates?
By
tyl
5m
51 Questions
36 Plays
36 Plays
36 Plays
Comments
Comments
Give Quiz Kudos
Give Quiz Kudos
-
- Ratings
hide this ad
Replay
Link that replays current quiz
Next Quiz
Link to next quiz in quiz playlist
You Got
0%
They Got
Avg Score
55%
Avg Friend Score
Upgrade to see
Score Distribution
Jump to the score distribution portion of the page
Score
0/51
Timer
05:00
0
Plays Today
coordinate
what's there?
% Correct
60N /
30E
Russia
77.8%
60N /
60E
Russia
77.8%
60N /
90E
Russia
77.8%
60N /
120E
Russia
77.8%
60N /
150E
Russia
77.8%
60N /
150W
USA
75%
30N /
90W
USA
75%
60N /
120W
Canada
69.4%
30N /
90E
China
69.4%
30N /
120E
China
69.4%
90N
Arctic Ocean
63.9%
0 /
60W
Brazil
63.9%
60S
boundary between the Southern Ocean and the Indian, Pacific and Atlantic Ocean
63.9%
60N /
30W
Atlantic Ocean
61.1%
30N /
60W
Atlantic Ocean
61.1%
30N /
30W
Atlantic Ocean
61.1%
0 /
0
Atlantic Ocean
61.1%
0 /
30W
Atlantic Ocean
61.1%
30S /
0
Atlantic Ocean
61.1%
30S /
30W
Atlantic Ocean
61.1%
30N /
150E
Pacific Ocean
58.3%
30N /
180
Pacific Ocean
58.3%
30N /
150W
Pacific Ocean
58.3%
30N /
120W
Pacific Ocean
58.3%
0 /
150E
Pacific Ocean
58.3%
0 /
180
Pacific Ocean
58.3%
coordinate
what's there?
% Correct
0 /
150W
Pacific Ocean
58.3%
0 /
120W
Pacific Ocean
58.3%
0 /
90W
Pacific Ocean
58.3%
30S /
180
Pacific Ocean
58.3%
30S /
150W
Pacific Ocean
58.3%
30S /
120W
Pacific Ocean
58.3%
30S /
90W
Pacific Ocean
58.3%
0 /
60E
Indian Ocean
55.6%
0 /
90E
Indian Ocean
55.6%
30S /
60E
Indian Ocean
55.6%
30S /
90E
Indian Ocean
55.6%
30S /
120E
Australia
55.6%
30S /
150E
Australia
55.6%
60N /
0
North Sea
44.4%
30N /
30E
Egypt
44.4%
30N /
60E
Iran
41.7%
30S /
60W
Argentina
38.9%
30N /
0
Algeria
36.1%
0 /
120E
Indonesia
36.1%
90S
South Pole
36.1%
30S /
30E
South Africa
25%
0 /
30E
Uganda
22.2%
60N /
180
Bering Sea
19.4%
60N /
90W
Hudson Bay
16.7%
60N /
60W
Labrador Sea
8.3%
Quiz Playlist
Details
Report
Send in Message
Add To Playlist
Classic:
Type in answers that appear in a list
Last Updated: Feb 16, 2017
Quiz Scoreboard
CHALLENGE
Sign Up to Join the Scoreboard
Show All
Scores
Hide
Comments
May contain spoilers
Recently Published
Presidents Visiting Landmarks
by Hejman
History
7m
An Introduction to Baseball
by treessimontrees
Sports
5m
Movies - When Are They Set?
by FPL_Elf
Movies
5m
More to Explore
Quiz From the Vault
Featured Blog Post
Where Did the Easter Bunny Come From?
hide this ad
You Might Also Like...
Tags
globe
location
Today's Top Quizzes in Geography
Browse Geography
hide this ad
Today's Top Quizzes in globe
Browse globe
Top Contributed Quizzes in Geography
1
Countries of the World - No Outlines Minefield
2
Top 25 Cities of France on a map
3
Any capital of a 'B' country per Continent
4
Closest Countries to UK A-Z
5
Any capital of a 'C' country per Continent
6
One Thing in Common: United Kingdom
7
Any capital of a 'D' country per Continent
8
Find the Provinces of Canada - No Outlines Minefield
9
5-to-1: US Geography No Hints
10
Any capital of an 'E' country per Continent
Explore More
Trending Topics
Crossword
Disney
Kpop
Anime
Marvel
Harry Potter
NBA
Pokémon
Song
WWE
The Office
Puzzle
Country
Soccer
NFL
hide this ad
More By:
tyl
Quiz
Plays
Rating
Category
Featured
Created
High level countries
5,405
4.59
Geography
Mar 28, 2011
Who Wants to be a Kyrgyz Millionaire?
2,736
3.52
Miscellaneous
Dec 1, 2011
Cyrillic script countries
1,296
4.43
Language
Mar 31, 2011
Oldest flags still in use
1,278
3.67
Geography
Jul 3, 2011
Buenos Aires partidos
1,070
5.00
Geography
Mar 29, 2011
Go to Creator's Profile
Score Distribution
Quiz Creator Spotlight
tyl
Follow
Send a Message
Quizzes Created
-
Created Quiz Play Count
-
More By This Creator
Popular Quizzes Today
1
Find the US States - No Outlines Minefield
2
Find the Countries of Europe - No Outlines Minefield
3
The Countries of the World
4
Find the US States
5
Popular People in 1961
6
US States
7
Risky Map Clicking: Biggest States A-Z
8
1-10 Letter E Words III
More Geography Quizzes
The United Arab Emirates Quiz
Published
Trending Quizzes
Risky Map Clicking: Least Populous States A-Z
1-10 Letter G Words
1-10 Letter F Words
One Thing in Common: United Kingdom
Risky Map Clicking: Next State Alphabetically
Recently Updated
Leaping Animals
pecheneg
Reality TV Shows (A-Z)
bhenderson79
Rickey Henderson's Hall of Fame Teammates
pecheneg
Champions League XIs: Arsenal
pecheneg
Quick Pick: Celebrities in WWE's Hall of Fame
aduchscher
A-Z Keypad Blitz II
pecheneg
Multiple Oscar Actors
pecheneg
Mystery Phrase Blitz: Oscar 'Best Actors'
pecheneg
F. Scott Fitzgerald Novels
LTH
Pick 3 Villains
ddd62291
Trending Topics
Disney
Marvel
Crossword
Harry Potter
Anime
NBA
Kpop
Country
Soccer
NFL
Song
Pokémon
WWE
The Office
Puzzle
Your Account Isn't Verified!
In order to create a playlist on Sporcle, you need to verify the email address you used during registration. Go to your
Sporcle Settings
to finish the process.
Report this User
Report this user for behavior that violates our
Community Guidelines
.
Details:
Send Report
Go to the Sporcle.com Mobile Site →
Comments